000 00265nam a22000857a 4500
008 161205b xxu||||| |||| 00| 0 eng d
100 _91800
_aJerath,s
245 _aTogether with hands on grammer English work book-2 Teacher copy
260 _aNEW DELHI
_bRACHNA SAGAR
_c2008
999 _c4509
_d4509